000 01513nam a2200409 i 4500
001 b18870715
003 KOSZ 005
005 20201027131519.0
008 070220s2006 pl a e |000 0 pol
015 _aPB 2007/9256
020 _a836056311X
020 _a9788360563113
020 _a8360563047
020 _a9788360563045
020 _a159339330X
020 _a9781593393304
035 _a(OCoLC)838993441
040 _aWA N
_cKOSZ 005/HR
_dKOSZ 005/HR
041 1 _apol
_heng
080 _a57/59
080 _a(03)
245 0 0 _aEncyklopedia audiowizualna Britannica :
_bbiologia /
_c[zespół aut. i tł. Grzegorz Bartosz et al. ; zespół aut. siatki haseł oraz przygot. red. Marcin Bąk et al.].
246 1 8 _aBiologia.
260 _aPoznań :
_bWydawnictwo Kurpisz ;
_a[Warszawa] :
_bAxel Springer Polska,
_ccop. 2006.
300 _a158, [2] s. :
_bil. (w tym kolor.) ;
_c25 cm +
_e1 dysk optyczny (DVD).
490 1 _aEncyclopædia Britannica ;
_vnr 7.
500 _aU góry okł. nazwa czas.: Dziennik. Przygot. na podst.: Britannica - edycja polska.
546 _aTł. z ang.
655 4 _aEncyklopedia
650 4 _aBiologia
700 1 _aBąk, Marcin.
_eRed.
700 1 _aBartosz, Grzegorz
_d(1950- )
_eAutor
710 2 _aWydawnictwo Kurpisz
_4pbl.
830 0 _aEncyclopædia Britannica
_vt. 7.
856 _uhttp://koha.tu.koszalin.pl/cgi-bin/koha/opac-detail.pl?biblionumber=54782
_yKatalog online BPK
942 _2UKD
_cKS
999 _c54782
_d54782